000 00453nam a2200157 4500
003 SEACOMEC
005 20250409131811.0
008 250409b |||||||| |||| 00| 0 eng d
020 _a9788121923064
_c360.00
040 _aSEACOMEC
082 _a657
_bL193
100 _a LAL . JAWAHAR
245 _aFINANCIAL ACCOUNTING : PRINCIPLES AND PRACTICS /
_cJawahar Lal & Seema Srivastava
260 _aNew Delhi :
_bS. Chand Publishing,
_c2009
942 _cBOOK
999 _c2179
_d2179